| 000 | 00880nam a2200217Ia 4500 | ||
|---|---|---|---|
| 003 | OSt | ||
| 005 | 20250702104604.0 | ||
| 008 | 191128s1930 fr er 000 p fre d | ||
| 040 |
_aCO-JMCR _cCO-JMCR |
||
| 041 | 0 | _afre | |
| 082 | 0 | 4 |
_aA-P _bJAMl |
| 100 | 1 |
_aJammes, Francis, _eautor _99258 |
|
| 245 | 1 | 0 |
_aLeçons poétiques / _cFrancis Jammes |
| 250 | _aQuatriéme Édition | ||
| 260 |
_aParis : _bMercvre de France, _c1930. |
||
| 300 |
_a286 páginas : _c19 cm. |
||
| 505 | 0 | _aLa rencontre a l´auberge -- Charles Baudelaire -- Pierre de Ronsard -- Jean Moréas -- Emmanuel Signoret -- Alfred de Musset -- Victor Hugo -- Francois Coppée -- Stéphane Mallarmé -- Paul Verlaine | |
| 520 | 3 | _aLe Mercure de France fondé en 1890, está la fois une revue de lecture comme toutes les revues documentaire d´actualité. | |
| 650 | 1 | 4 |
_aPoesía francesa. _97738 |
| 942 |
_2ddc _cBK |
||
| 999 |
_c4327 _d4327 |
||